Annals of Saudi medicine
| Previous Title: | King Faisal Specialist Hospital medical journal |
|---|---|
| Corporate Authors: | , |
| Format: | Electronic Journal |
| Language: | English |
| Published: |
Riyadh, Saudi Arabia :
King Faisal Specialist Hospital and Research Centre and King Saud University College of Medicine,
1985-
Riyadh : King Faisal Specialist Hospital and Research Centre Mumbai, India : Medknow Publications Riyadh : |
| Subjects: | |
| Online Access: | Full text available from Research Library: 01/01/2006 to present |
MARC
| LEADER | 00000nas a2200000 a 4500 | ||
|---|---|---|---|
| 001 | ssj0020433 | ||
| 003 | WaSeSS | ||
| 005 | 20200512172242.0 | ||
| 006 | m d | ||
| 007 | cr n | ||
| 008 | 850815c19859999su qr p s f0 a0eng c | ||
| 010 | |a sn 86015102 | ||
| 016 | 7 | |a 8507355 |2 DNLM | |
| 016 | 7 | |a SR0054151 |2 DNLM | |
| 016 | 7 | |a 009834020 |2 Uk | |
| 022 | |a 0975-4466 |l 0256-4947 |y 0256-4947 | ||
| 030 | |a ANSMEJ | ||
| 035 | |a (WaSeSS)ssj0020433 | ||
| 037 | |b Publications Office, Annals of Saudi medicine, King Faisal Specialist Hospital and Research Centre, P.O. Box 3354, Riyadh 11211, Saudi Arabia | ||
| 040 | |a VNN |b eng |c VNN |d NLM |d OCL |d NST |d NSD |d HUL |d NSD |d NYG |d CAS |d NST |d NSD |d SYS |d OCLCQ |d CUS |d MUQ |d NLGGC |d OCLCQ |d UKMGB |d CGU |d OCLCF |d OCLCO |d CUS |d DLC |d CUY |d DLC |d OCLCO |d EUW |d OCLCO |d OCLCQ |d OCLCO |d OCLCA |d NLM |d OCLCA |d OCLCQ |d WaSeSS | ||
| 041 | 0 | |a eng |b ara | |
| 042 | |a pcc |a nsdp | ||
| 043 | |a a-su--- | ||
| 050 | 4 | |a R97 |b .A56 | |
| 060 | 0 | 0 | |a W1 |b AN624T |
| 210 | 0 | |a Ann. Saudi med. | |
| 222 | 0 | |a Annals of Saudi medicine | |
| 245 | 0 | 0 | |a Annals of Saudi medicine |h [electronic resource]. |
| 246 | 1 | |a ASM | |
| 260 | |a Riyadh, Saudi Arabia : |b King Faisal Specialist Hospital and Research Centre and King Saud University College of Medicine, |c 1985- | ||
| 260 | 2 | |a Riyadh : |b King Faisal Specialist Hospital and Research Centre | |
| 260 | 2 | |3 -2011 : |a Mumbai, India : |b Medknow Publications | |
| 260 | 3 | |3 2012- : |a Riyadh : |b King Faisal Specialist Hospital and Research Centre | |
| 310 | |a Quarterly | ||
| 362 | 0 | |a Vol. 5, no. 3 (July 1985)- | |
| 500 | |a Title from cover. | ||
| 500 | |a Added t.p. in Arabic. | ||
| 506 | |a License restrictions may limit access. | ||
| 546 | |a Articles in English; summaries in Arabic and English. | ||
| 550 | |a "Joint project of the King Faisal Specialist Hospital and Research Centre ... and King Saud University College of Medicine"--Masthead. | ||
| 650 | 0 | |a Medicine |z Saudi Arabia |v Periodicals. | |
| 650 | 6 | |a Médecine |v Périodiques. | |
| 650 | 7 | |a Medicine. |2 fast |0 (OCoLC)fst01014893 | |
| 650 | 1 | 7 | |a Geneeskunde. |2 gtt |
| 650 | 2 | |a Medicine. | |
| 651 | 7 | |a Saudi Arabia. |2 fast |0 (OCoLC)fst01210372 | |
| 651 | 2 | |a Saudi Arabia. | |
| 655 | 0 | |a Electronic journals. | |
| 710 | 2 | |a Mustashfá al-Malik Fayṣal al-Takhaṣṣuṣī. | |
| 710 | 2 | |a Jāmiʻat al-Malik Saʻūd. |b Kullīyat al-Ṭibb. | |
| 780 | 0 | 0 | |t King Faisal Specialist Hospital medical journal |x 0253-4770 |w (DLC)sn 82022099 |w (OCoLC)7996838 |
| 850 | |a CaMWM |a CaOTU |a NjR |a DNLM |a a MBCo |a MiDW-M |a N |a PU-Med |a TU-M |a WaU | ||
| 853 | 1 | 2 | |8 1 |a v |b no. |u und |v r |i (year) |j (month) |
| 853 | 1 | 2 | |8 2 |a v. |b no. |u 06 |v r |i (year) |j (month) |w b |
| 856 | 4 | 0 | |z Full text available from Research Library: 01/01/2006 to present |u https://search.proquest.com/publication/226530 |
| 863 | 4 | 0 | |8 1 |a <5> |b <3>- |i <1985> |j <July>- |x provisional |
| 863 | 4 | 0 | |8 2 |a <9>- |i <1989>- |x provisional |